Statistics for Top 10 SG Peaks Ever

Click here to take the quiz!

General Stats

  • This quiz has been taken 9 times
  • The average score is 7 of 10

Answer Stats

SeasonPlayer% Correct
2009Dwyane Wade
100%
2019James Harden
100%
2009Kobe Bryant
100%
1991Michael Jordan
100%
2005Allen Iverson
67%
1989Clyde Drexler
67%
2003Tracy McGrady
44%
2001Ray Allen
33%
1995Reggie Miller
33%
1984Sidney Moncrief
11%

Score Distribution

Percentile by Number Answered

Percent of People with Each Score

Your Score History

You have not taken this quiz